[Event "HUN-chT 2324"]
[Site "Hungary"]
[Date "2024.03.10"]
[Round "6.8"]
[White "Tatar Kis, Szabolcs"]
[Black "Horvath, Csaba"]
[Result "1/2-1/2"]
[WhiteElo "2350"]
[BlackElo "2488"]
[PlyCount "60"]
[EventDate "2023.10.28"]
[EventType "team-tourn"]
[EventRounds "9"]
[EventCountry "HUN"]
[SourceTitle "CB16_2024"]
[SourceDate "2024.04.17"]
[SourceVersion "1"]
[SourceVersionDate "2024.04.17"]
[SourceQuality "1"]
[WhiteTeam "Mako Duocor"]
[BlackTeam "Tungsram ANSK"]
[WhiteTeamCountry "HUN"]
[BlackTeamCountry "HUN"]

1. Nf3 Nf6 2. g3 d5 3. Bg2 c6 4. c4 Bf5 5. cxd5 cxd5 6. Qb3 Nc6 7. 0-0 Qd7 8. d3 e5 9. Nc3 d4 10. Nb5 Be6 11. Qa4 Bc5 12. Ng5 Bd5 13. Bxd5 Nxd5 14. f4 0-0 15. Ne4 Be7 16. fxe5 Nb6 17. Qd1 Nxe5 18. Na3 Bxa3 19. bxa3 Nd5 20. Qb3 b6 21. Bf4 Rfe8 22. Rac1 Rad8 23. Bxe5 Rxe5 24. Rc4 Nf6 25. Nxf6+ gxf6 26. Qb2 Re6 27. a4 Rd6 28. Rf2 Qe7 29. Qc1 Kg7 30. Rc7 R8d7 1/2-1/2

[Event "HUN-chT 2324"]
[Site "Hungary"]
[Date "2023.12.10"]
[Round "3.7"]
[White "Juhasz, Judit"]
[Black "Horvath, Csaba"]
[Result "0-1"]
[WhiteElo "1940"]
[BlackElo "2488"]
[PlyCount "156"]
[EventDate "2023.10.28"]
[EventType "team-tourn"]
[EventRounds "9"]
[EventCountry "HUN"]
[SourceTitle "CB16_2024"]
[SourceDate "2024.04.17"]
[SourceVersion "1"]
[SourceVersionDate "2024.04.17"]
[SourceQuality "1"]
[WhiteTeam "Tapolca Varos"]
[BlackTeam "Tungsram ANSK"]
[WhiteTeamCountry "HUN"]
[BlackTeamCountry "HUN"]

1. e4 c5 2. Nf3 e6 3. d4 cxd4 4. Nxd4 a6 5. Nc3 b5 6. Bd3 Bb7 7. 0-0 Nc6 8. Nxc6 Bxc6 9. a4 b4 10. Nb1 Nf6 11. Qe2 a5 12. Bf4 Be7 13. Nd2 0-0 14. Nb3 Qb6 15. Rfe1 d6 16. Qf3 Rfe8 17. Qh3 e5 18. Bg5 Nd7 19. Be3 Qb7 20. Nd2 Nf8 21. f4 exf4 22. Bxf4 Ng6 23. Bg3 Ne5 24. Bxe5 dxe5 25. Qe3 Qa7 26. Qxa7 Rxa7 27. Kf1 Bc5 28. b3 Kf8 29. Rad1 Ke7 30. Nf3 f6 31. g3 Rd8 32. Nd2 Bd7 33. Kg2 Bg4 34. Nf3 Rad7 35. h3 Be6 36. Be2 Bd4 37. Bb5 Rd6 38. Re2 Bc3 39. Rxd6 Rxd6 40. Nh2 Rd1 41. Nf3 Kd6 42. Ba6 Kc5 43. Bb5 Bc8 44. Rf2 f5 45. Bd3 fxe4 46. Bxe4 h6 47. g4 Ba6 48. h4 Bc8 49. g5 hxg5 50. hxg5 Ba6 51. g6 Be1 52. Nxe1 Rxe1 53. Kf3 Rf1 54. Rxf1 Bxf1 55. Ke3 Ba6 56. Bf5 Bb7 57. Be6 Kd6 58. Bf5 Bd5 59. Kd3 Kc5 60. Bg4 Bc6 61. Bf5 Bg2 62. Be6 e4+ 63. Ke3 Kd6 64. Bc8 Ke5 65. Bd7 Bf3 66. Bc6 Kf5 67. Be8 Bd1 68. Kd2 Bh5 69. Ke3 Bxg6 70. Bxg6+ Kxg6 71. Kxe4 Kf6 72. c4 bxc3 73. Kd3 Ke5 74. Kxc3 g5 75. b4 axb4+ 76. Kxb4 g4 77. a5 Kd6 78. Kb5 g3 0-1

[Event "HUN-chT 2223"]
[Site "Hungary"]
[Date "2023.02.19"]
[Round "6.9"]
[White "Horvath, Csaba"]
[Black "Berczes, Csaba"]
[Result "1-0"]
[WhiteElo "2502"]
[BlackElo "2312"]
[PlyCount "107"]
[EventDate "2022.11.20"]
[EventType "team-tourn"]
[EventRounds "9"]
[EventCountry "HUN"]
[SourceTitle "CBM 213 Extra"]
[Source "ChessBase"]
[SourceDate "2023.05.31"]
[SourceVersion "1"]
[SourceVersionDate "2023.05.31"]
[SourceQuality "1"]
[WhiteTeam "Aquaprofit"]
[BlackTeam "Dunaharaszti"]
[WhiteTeamCountry "HUN"]
[BlackTeamCountry "HUN"]

1. d4 Nf6 2. c4 e6 3. g3 d5 4. Bg2 Be7 5. Nf3 0-0 6. Qc2 Na6 7. a3 c5 8. 0-0 Bd7 9. cxd5 exd5 10. Nc3 Rc8 11. Be3 Be6 12. Ng5 Qd7 13. Nxe6 fxe6 14. Bh3 Nb8 15. Qa4 Kf7 16. dxc5 Bxc5 17. Bxc5 Rxc5 18. Qxa7 Rc4 19. Qe3 Nc6 20. Rad1 Qe7 21. f4 Re8 22. Qd3 Kg8 23. e3 Qc5 24. Bg2 b5 25. Kh1 b4 26. Na4 Qa7 27. b3 Re4 28. Bxe4 Nxe4 29. axb4 Nxb4 30. Qd4 Qe7 31. Rc1 h5 32. Nc3 Nf6 33. Nb5 Rb8 34. Rc7 Qf8 35. Qe5 Rxb5 36. Qxe6+ Kh7 37. Rc8 Rb6 38. Qf5+ g6 39. Rc7+ Kh8 40. Qxg6 Nd7 41. Qxh5+ Rh6 42. Qg5 Rd6 43. Rfc1 Qf7 44. Rc8+ Kh7 45. Qh4+ Rh6 46. Rh8+ Kxh8 47. Qxh6+ Kg8 48. Rc8+ Nf8 49. Qd6 Nd3 50. Rxf8+ Qxf8 51. Qxd5+ Kh8 52. Qxd3 Qa8+ 53. e4 Qa1+ 54. Kg2 1-0

[Event "HUN-ch 70th"]
[Site "Budapest"]
[Date "2022.12.10"]
[Round "6"]
[White "Nagy, Gabor"]
[Black "Horvath, Csaba"]
[Result "1/2-1/2"]
[WhiteElo "2488"]
[BlackElo "2501"]
[PlyCount "60"]
[EventDate "2022.12.05"]
[EventType "tourn"]
[EventRounds "9"]
[EventCountry "HUN"]
[EventCategory "12"]
[SourceTitle "CBM 211 Extra"]
[Source "ChessBase"]
[SourceDate "2023.01.31"]
[SourceVersion "1"]
[SourceVersionDate "2023.01.31"]
[SourceQuality "1"]

1. d4 Nf6 2. c4 e6 3. Nf3 b6 4. g3 c6 5. Bg2 Be7 6. Nc3 d5 7. Ne5 Bb7 8. 0-0 Nfd7 9. Bf4 0-0 10. cxd5 cxd5 11. e4 Nxe5 12. Bxe5 dxe4 13. Nxe4 Bd5 14. Qg4 g6 15. Qf4 f6 16. Bxb8 Qxb8 17. Qe3 Qb7 18. f3 e5 19. dxe5 Bxe4 20. Qxe4 Qxe4 21. fxe4 Bc5+ 22. Kh1 fxe5 23. b3 Rxf1+ 24. Bxf1 Rf8 25. Bc4+ Kg7 26. Rf1 Rxf1+ 27. Bxf1 Kf6 28. Kg2 Bd4 29. Bc4 Bc5 30. Kf3 Bd4 1/2-1/2

[Event "HUN-ch 70th"]
[Site "Budapest"]
[Date "2022.12.07"]
[Round "3"]
[White "Prohaszka, Peter"]
[Black "Horvath, Csaba"]
[Result "1-0"]
[WhiteElo "2563"]
[BlackElo "2501"]
[PlyCount "85"]
[EventDate "2022.12.05"]
[EventType "tourn"]
[EventRounds "9"]
[EventCountry "HUN"]
[EventCategory "12"]
[SourceTitle "CBM 211 Extra"]
[Source "ChessBase"]
[SourceDate "2023.01.31"]
[SourceVersion "1"]
[SourceVersionDate "2023.01.31"]
[SourceQuality "1"]

1. Nf3 d5 2. g3 c5 3. Bg2 Nc6 4. d4 e6 5. 0-0 Nf6 6. c4 dxc4 7. dxc5 Qxd1 8. Rxd1 Bxc5 9. Nbd2 c3 10. bxc3 0-0 11. Nb3 Be7 12. c4 Bd7 13. Bb2 Rfc8 14. Rac1 Be8 15. Nfd4 a5 16. Nxc6 Bxc6 17. Bxc6 bxc6 18. Rc2 a4 19. Nc1 Rcb8 20. Nd3 Nd7 21. Kg2 Rb7 22. Bc3 f6 23. f4 Kf7 24. Kf3 Ke8 25. g4 Rab8 26. Rb2 Rxb2 27. Bxb2 Nc5 28. Bc3 Nxd3 29. exd3 Kf7 30. d4 Bd6 31. h4 h5 32. gxh5 f5 33. d5 exd5 34. cxd5 Rc8 35. Rg1 Bf8 36. d6 Rd8 37. Be5 Bxd6 38. Rxg7+ Kf8 39. h6 Bxe5 40. fxe5 Rd4 41. e6 Rxh4 42. e7+ Ke8 43. h7 1-0

[Event "Budapest Kallai Memorial Blitz"]
[Site "Budapest"]
[Date "2022.12.01"]
[Round "3"]
[White "Beliavsky, Alexander G"]
[Black "Horvath, Csaba"]
[Result "0-1"]
[WhiteElo "2499"]
[BlackElo "2501"]
[PlyCount "90"]
[EventDate "2022.12.01"]
[EventType "tourn (blitz)"]
[EventRounds "9"]
[EventCountry "HUN"]
[EventCategory "11"]
[SourceTitle "CBM 211 Extra"]
[Source "ChessBase"]
[SourceDate "2023.01.31"]
[SourceVersion "1"]
[SourceVersionDate "2023.01.31"]
[SourceQuality "1"]

1. d4 Nf6 2. Nf3 c5 3. d5 b5 4. a4 b4 5. c4 g6 6. Nbd2 Bg7 7. e4 d6 8. Bd3 0-0 9. 0-0 a5 10. h3 e5 11. Re1 Nh5 12. Nf1 Ra7 13. Ng3 Nf4 14. Bf1 Re7 15. Ne2 Nxe2+ 16. Qxe2 Nd7 17. Bg5 f6 18. Bd2 f5 19. Ng5 Nf6 20. g3 h6 21. Ne6 Bxe6 22. dxe6 Nxe4 23. Bg2 Nxd2 24. Qxd2 e4 25. f3 Bd4+ 26. Kh1 e3 27. Rxe3 Bxe3 28. Qxe3 f4 29. gxf4 Rf6 30. f5 gxf5 31. f4 Kh7 32. Bd5 Rg6 33. Qd3 Qf8 34. Re1 Qf6 35. Rf1 Reg7 36. Qe2 Rg3 37. Qh5 Qg6 38. Qxg6+ Kxg6 39. Kh2 Kf6 40. Re1 Rd3 41. Re2 Rd4 42. Rf2 b3 43. Bg2 Kxe6 44. Re2+ Kd7 45. Bd5 Rxf4 0-1

[Event "Budapest Kallai Memorial Blitz"]
[Site "Budapest"]
[Date "2022.12.01"]
[Round "4"]
[White "Horvath, Csaba"]
[Black "Kozak, Adam"]
[Result "1/2-1/2"]
[WhiteElo "2501"]
[BlackElo "2549"]
[PlyCount "45"]
[EventDate "2022.12.01"]
[EventType "tourn (blitz)"]
[EventRounds "9"]
[EventCountry "HUN"]
[EventCategory "11"]
[SourceTitle "CBM 211 Extra"]
[Source "ChessBase"]
[SourceDate "2023.01.31"]
[SourceVersion "1"]
[SourceVersionDate "2023.01.31"]
[SourceQuality "1"]

1. d4 Nf6 2. Nf3 e6 3. g3 b6 4. Bg2 Bb7 5. c4 Be7 6. Nc3 Ne4 7. Bd2 Nxd2 8. Qxd2 0-0 9. 0-0 d6 10. d5 e5 11. e4 a5 12. Ne1 Nd7 13. Nd3 Nc5 14. f4 Nxd3 15. Qxd3 Bc8 16. Kh1 Bf6 17. Rae1 Bd7 18. b3 Kh8 19. a4 Qe7 20. Nd1 Rae8 21. Ne3 g6 22. f5 Bg5 23. h4 1/2-1/2

[Event "Budapest Kallai Memorial Rapid"]
[Site "Budapest"]
[Date "2022.11.30"]
[Round "7"]
[White "Horvath, Csaba"]
[Black "Berkes, Ferenc"]
[Result "0-1"]
[WhiteElo "2501"]
[BlackElo "2645"]
[PlyCount "86"]
[EventDate "2022.11.28"]
[EventType "tourn (rapid)"]
[EventRounds "9"]
[EventCountry "HUN"]
[EventCategory "11"]
[SourceTitle "CBM 211 Extra"]
[Source "ChessBase"]
[SourceDate "2023.01.31"]
[SourceVersion "1"]
[SourceVersionDate "2023.01.31"]
[SourceQuality "1"]

1. d4 Nf6 2. Nf3 d5 3. c4 c6 4. e3 a6 5. Bd3 Bg4 6. Qb3 Bxf3 7. gxf3 Qc7 8. Nc3 e6 9. f4 Nbd7 10. c5 b6 11. cxb6 Qxb6 12. Qxb6 Nxb6 13. Bd2 Nfd7 14. Ne2 c5 15. dxc5 Nxc5 16. Bc2 Be7 17. Bc3 Bf6 18. Bxf6 gxf6 19. b4 Nca4 20. Bb3 Ke7 21. Rc1 Rhc8 22. Kd2 Nb2 23. Nd4 N2c4+ 24. Ke2 Na3 25. Rhg1 Nb5 26. Nc6+ Kd7 27. Na5 Ke7 28. Kd3 Nd6 29. f3 h5 30. Rc5 Nd7 31. Rc6 Rxc6 32. Nxc6+ Kf8 33. e4 dxe4+ 34. fxe4 Rc8 35. Na5 Rb8 36. a3 Nb5 37. Ba4 Nxa3 38. Bxd7 Rd8 39. Ke3 Rxd7 40. Rc1 Rd6 41. Rc7 Rb6 42. Nc6 Nc2+ 43. Kf3 Rxc6 0-1

[Event "Budapest Kallai Memorial Rapid"]
[Site "Budapest"]
[Date "2022.11.30"]
[Round "9"]
[White "Horvath, Csaba"]
[Black "Motylev, Alexander"]
[Result "1/2-1/2"]
[WhiteElo "2501"]
[BlackElo "2628"]
[PlyCount "39"]
[EventDate "2022.11.28"]
[EventType "tourn (rapid)"]
[EventRounds "9"]
[EventCountry "HUN"]
[EventCategory "11"]
[SourceTitle "CBM 211 Extra"]
[Source "ChessBase"]
[SourceDate "2023.01.31"]
[SourceVersion "1"]
[SourceVersionDate "2023.01.31"]
[SourceQuality "1"]

1. d4 d5 2. c4 c6 3. Nc3 Nf6 4. e3 e6 5. Nf3 Nbd7 6. Qc2 Bd6 7. Bd3 0-0 8. 0-0 dxc4 9. Bxc4 e5 10. h3 Bb8 11. Rd1 Qe7 12. e4 exd4 13. Nxd4 Ne5 14. Bf1 Re8 15. Be3 c5 16. Nb3 b6 17. Nd2 Nc6 18. Nf3 Nb4 19. Qd2 Bb7 20. a3 1/2-1/2

[Event "Budapest Kallai Memorial Rapid"]
[Site "Budapest"]
[Date "2022.11.29"]
[Round "6"]
[White "Ruck, Robert"]
[Black "Horvath, Csaba"]
[Result "1/2-1/2"]
[WhiteElo "2534"]
[BlackElo "2501"]
[PlyCount "79"]
[EventDate "2022.11.28"]
[EventType "tourn (rapid)"]
[EventRounds "9"]
[EventCountry "HUN"]
[EventCategory "11"]
[SourceTitle "CBM 211 Extra"]
[Source "ChessBase"]
[SourceDate "2023.01.31"]
[SourceVersion "1"]
[SourceVersionDate "2023.01.31"]
[SourceQuality "1"]

1. Nf3 g6 2. e4 d5 3. exd5 Qxd5 4. Nc3 Qd6 5. d4 Nf6 6. Bc4 Bg7 7. 0-0 0-0 8. h3 b6 9. Nb5 Qd8 10. Bf4 Ba6 11. Qe2 c6 12. Nc3 Bxc4 13. Qxc4 b5 14. Qe2 Nbd7 15. Rfe1 e6 16. Rad1 Nb6 17. Bg5 Qc7 18. Bh4 Nbd5 19. Qd3 Nxc3 20. Qxc3 Nd5 21. Qd2 c5 22. Bg3 Qb6 23. dxc5 Qxc5 24. Be5 Rfd8 25. c3 Qb6 26. Bxg7 Kxg7 27. Qg5 Qc7 28. Rd4 f6 29. Qd2 Qf7 30. Nh2 e5 31. Rd3 Rd7 32. Rd1 Rad8 33. Ng4 h5 34. Qh6+ Kg8 35. Ne3 Nb6 36. Rxd7 Rxd7 37. Rxd7 Nxd7 38. b3 Qg7 39. Qxg7+ Kxg7 40. Kf1 1/2-1/2

[Event "HUN-chT 2223"]
[Site "Hungary"]
[Date "2022.11.20"]
[Round "1.9"]
[White "Horvath, Csaba"]
[Black "Izsak, Gyula"]
[Result "1/2-1/2"]
[WhiteElo "2502"]
[BlackElo "2397"]
[PlyCount "91"]
[EventDate "2022.11.20"]
[EventType "team-tourn"]
[EventRounds "9"]
[EventCountry "HUN"]
[SourceTitle "CBM 211 Extra"]
[Source "ChessBase"]
[SourceDate "2023.01.31"]
[SourceVersion "1"]
[SourceVersionDate "2023.01.31"]
[SourceQuality "1"]
[WhiteTeam "Aquaprofit"]
[BlackTeam "Kobanya Aquarena"]
[WhiteTeamCountry "HUN"]
[BlackTeamCountry "HUN"]

1. e4 c5 2. Nf3 e6 3. d4 cxd4 4. Nxd4 a6 5. g3 d5 6. Nb3 Nf6 7. exd5 Qxd5 8. Qxd5 exd5 9. Nc3 Bb4 10. Bg2 Bxc3+ 11. bxc3 0-0 12. 0-0 Nc6 13. Nc5 h6 14. Rb1 b5 15. a4 Bg4 16. Re1 Rfe8 17. Rxe8+ Rxe8 18. f3 Bf5 19. axb5 axb5 20. Kf2 Bxc2 21. Rxb5 Ra8 22. Rb6 Ne5 23. Bf4 Nc4 24. Rb8+ Rxb8 25. Bxb8 Bf5 26. Ba7 Nd7 27. Nxd7 Bxd7 28. f4 Bc6 29. Ke2 f5 30. Kd3 Kf7 31. Bc5 g6 32. Kd4 Ke6 33. Bf8 h5 34. Kc5 Bb7 35. Bg7 Nd2 36. Bd4 Ne4+ 37. Kb6 Bc8 38. Bf1 Bd7 39. Kc7 Nd6 40. Be5 Nc4 41. Bd4 Bb5 42. Be2 Ba4 43. Bc5 Bc2 44. Bf2 Ba4 45. Bd4 Be8 46. Bd1 1/2-1/2

[Event "HUN-ch Rapid"]
[Site "Ajka"]
[Date "2022.07.15"]
[Round "4"]
[White "Korpa, Bence"]
[Black "Horvath, Csaba"]
[Result "1-0"]
[WhiteElo "2537"]
[BlackElo "2506"]
[PlyCount "55"]
[EventDate "2022.07.15"]
[EventType "swiss (rapid)"]
[EventRounds "13"]
[EventCountry "HUN"]
[SourceTitle "CBM 209 Extra"]
[Source "ChessBase"]
[SourceDate "2022.09.30"]
[SourceVersion "1"]
[SourceVersionDate "2022.09.30"]
[SourceQuality "1"]

1. d4 Nf6 2. Nc3 d5 3. Bf4 a6 4. e3 e6 5. g4 b5 6. g5 Nfd7 7. Qg4 c5 8. Nf3 Nc6 9. Qg3 Bb7 10. Bc7 Qc8 11. h4 Be7 12. Bh3 Bd8 13. Bd6 Be7 14. dxc5 0-0 15. g6 hxg6 16. h5 gxh5 17. Ng5 Bxd6 18. cxd6 d4 19. Nxe6 g6 20. Nd5 Nce5 21. Ne7+ Kh7 22. Ng5+ Kg7 23. Nxc8 Rfxc8 24. exd4 Bxh1 25. dxe5 Bc6 26. e6 fxe6 27. Nxe6+ Kh7 28. Qc3 1-0

[Event "HUN-ch Rapid"]
[Site "Ajka"]
[Date "2022.07.15"]
[Round "2"]
[White "Pap, Peter"]
[Black "Horvath, Csaba"]
[Result "0-1"]
[WhiteElo "2159"]
[BlackElo "2506"]
[PlyCount "86"]
[EventDate "2022.07.15"]
[EventType "swiss (rapid)"]
[EventRounds "13"]
[EventCountry "HUN"]
[SourceTitle "CBM 209 Extra"]
[Source "ChessBase"]
[SourceDate "2022.09.30"]
[SourceVersion "1"]
[SourceVersionDate "2022.09.30"]
[SourceQuality "1"]

1. e4 c5 2. Nf3 e6 3. d4 cxd4 4. Nxd4 a6 5. c4 Nf6 6. Nc3 Qc7 7. a3 b6 8. Be3 Bb7 9. f3 Be7 10. Be2 d6 11. 0-0 Nbd7 12. a4 Rb8 13. a5 bxa5 14. Nb3 Ba8 15. Nxa5 Rxb2 16. Nb3 Qb7 17. Nd4 Nc5 18. Na4 Rb4 19. Bd2 Rxa4 20. Rxa4 Nxa4 21. Qxa4+ Nd7 22. c5 dxc5 23. Bxa6 Qb2 24. Nb3 Bd6 25. Bc1 Qe5 26. g3 Qc3 27. Bb5 Ke7 28. Bxd7 c4 29. Bd2 Qxb3 30. Qa7 Qb7 31. Qxb7 Bxb7 32. Bb5 Rc8 33. Rc1 f5 34. exf5 exf5 35. Rxc4 Rxc4 36. Bxc4 Bxf3 37. Kf2 Be4 38. Be3 Be5 39. Bg8 h6 40. h3 g5 41. Bh7 Bxg3+ 42. Kxg3 f4+ 43. Kh2 fxe3 0-1

[Event "HUN-chT 2122"]
[Site "Hungary"]
[Date "2022.03.20"]
[Round "8.5"]
[White "Ruck, Robert"]
[Black "Horvath, Csaba"]
[Result "1/2-1/2"]
[WhiteElo "2545"]
[BlackElo "2517"]
[PlyCount "46"]
[EventDate "2021.10.10"]
[EventType "team-tourn"]
[EventRounds "9"]
[EventCountry "HUN"]
[SourceTitle "EXT 2023"]
[Source "ChessBase"]
[SourceDate "2022.10.05"]
[SourceVersion "1"]
[SourceVersionDate "2022.10.05"]
[SourceQuality "1"]
[WhiteTeam "Haladas"]
[BlackTeam "Paks"]
[WhiteTeamCountry "HUN"]
[BlackTeamCountry "HUN"]

1. Nf3 Nf6 2. c4 b6 3. g3 Bb7 4. Bg2 e6 5. 0-0 Be7 6. Nc3 0-0 7. Re1 d5 8. cxd5 exd5 9. d4 Ne4 10. Qc2 Nd7 11. Rd1 Ndf6 12. Bf4 Nxc3 13. bxc3 Re8 14. c4 Bd6 15. Bxd6 cxd6 16. cxd5 Rc8 17. Qb2 Bxd5 18. Rac1 Qe7 19. Rd2 Be4 20. Rdd1 Bd5 21. Rd2 Be4 22. Rdd1 Bd5 23. Rd2 Be4 1/2-1/2

[Event "HUN-chT 2122"]
[Site "Hungary"]
[Date "2022.02.13"]
[Round "6.6"]
[White "Horvath, Csaba"]
[Black "Popovics, Adam"]
[Result "1/2-1/2"]
[WhiteElo "2517"]
[BlackElo "2370"]
[PlyCount "62"]
[EventDate "2021.10.10"]
[EventType "team-tourn"]
[EventRounds "9"]
[EventCountry "HUN"]
[SourceTitle "EXT 2023"]
[Source "ChessBase"]
[SourceDate "2022.10.05"]
[SourceVersion "1"]
[SourceVersionDate "2022.10.05"]
[SourceQuality "1"]
[WhiteTeam "Paks"]
[BlackTeam "Dunaharaszti"]
[WhiteTeamCountry "HUN"]
[BlackTeamCountry "HUN"]

1. Nf3 c5 2. c4 Nf6 3. Nc3 d5 4. cxd5 Nxd5 5. e3 Nc6 6. Bb5 Nxc3 7. bxc3 Qc7 8. 0-0 a6 9. Be2 Bf5 10. d4 e6 11. c4 Be7 12. Bb2 0-0 13. Qd2 Rfd8 14. Rad1 Rac8 15. Bc3 cxd4 16. exd4 Bf6 17. h3 Bg6 18. d5 Ne5 19. Nxe5 Bxe5 20. Bxe5 Qxe5 21. Rfe1 Qd6 22. Bf3 e5 23. Rc1 Rc5 24. Qb2 b5 25. cxb5 e4 26. Bxe4 Rxb5 27. Qc2 Rxd5 28. Bxg6 hxg6 29. Re2 Rd2 30. Rxd2 Qxd2 31. h4 a5 1/2-1/2

[Event "HUN-chT 1920"]
[Site "Hungary"]
[Date "2020.09.13"]
[Round "9.1"]
[White "Balog, Imre1111"]
[Black "Horvath, Csaba"]
[Result "1/2-1/2"]
[WhiteElo "2550"]
[BlackElo "2509"]
[PlyCount "21"]
[EventDate "2019.11.16"]
[EventType "team-tourn"]
[EventRounds "9"]
[EventCountry "HUN"]
[SourceTitle "EXT 2021"]
[Source "ChessBase"]
[SourceDate "2020.10.23"]
[SourceVersion "1"]
[SourceVersionDate "2020.10.23"]
[SourceQuality "1"]
[WhiteTeam "Kobanya Aquarena"]
[BlackTeam "Morihana"]
[WhiteTeamCountry "HUN"]
[BlackTeamCountry "HUN"]

1. e4 d5 2. exd5 Qxd5 3. Nc3 Qd6 4. Ne4 Qd8 5. Nc3 Qd6 6. Nb5 Qd8 7. Na3 Qd6 8. Nc4 Qd8 9. Na3 Qd6 10. Nb5 Qd8 11. Na3 1/2-1/2

[Event "HUN-chT 1920"]
[Site "Hungary"]
[Date "2020.03.08"]
[Round "7.3"]
[White "Nemeth, Miklos"]
[Black "Horvath, Csaba"]
[Result "1/2-1/2"]
[WhiteElo "2487"]
[BlackElo "2509"]
[PlyCount "78"]
[EventDate "2019.11.16"]
[EventType "team-tourn"]
[EventRounds "9"]
[EventCountry "HUN"]
[SourceTitle "CBM 195 Extra"]
[Source "ChessBase"]
[SourceDate "2020.05.31"]
[SourceVersion "1"]
[SourceVersionDate "2020.05.31"]
[SourceQuality "1"]
[WhiteTeam "HVSE Infraplan"]
[BlackTeam "Morihana"]
[WhiteTeamCountry "HUN"]
[BlackTeamCountry "HUN"]

1. e4 c6 2. d4 d5 3. e5 Bf5 4. Nf3 e6 5. Be2 Ne7 6. 0-0 Ng6 7. Be3 Nd7 8. Nbd2 f6 9. exf6 Qxf6 10. Bg5 Qf7 11. Nh4 Bd6 12. Bh5 Nf6 13. Nxf5 exf5 14. Re1+ Kd7 15. Bxf6 Qxf6 16. c4 Nf4 17. cxd5 Qh6 18. Qb3 Nxd5 19. Nc4 Kc7 20. Nxd6 Qxd6 21. Bf7 Rad8 22. Bxd5 cxd5 23. Re5 Rhe8 24. Qc2+ Kb8 25. Qxf5 Qb4 26. Qf4 Rf8 27. Rf5+ Ka8 28. Rc1 a6 29. b3 Rxf5 30. Qxf5 Qxd4 31. Qxh7 Qf4 32. Rd1 g5 33. Qe7 Rc8 34. Qe3 Qf5 35. h3 Rc2 36. a4 Rb2 37. Qe8+ Ka7 38. Qe3+ Ka8 39. Rd3 Rxf2 1/2-1/2

[Event "SVK-chT 1920"]
[Site "Slovakia"]
[Date "2020.02.29"]
[Round "7.4"]
[White "Horvath, Csaba"]
[Black "Haring, Filip"]
[Result "1-0"]
[WhiteElo "2509"]
[BlackElo "2298"]
[PlyCount "57"]
[EventDate "2019.10.19"]
[EventType "team-tourn"]
[EventRounds "11"]
[EventCountry "SVK"]
[SourceTitle "CBM 195 Extra"]
[Source "ChessBase"]
[SourceDate "2020.05.31"]
[SourceVersion "1"]
[SourceVersionDate "2020.05.31"]
[SourceQuality "1"]
[WhiteTeam "Podhajska Aquamarin"]
[BlackTeam "Liptov Chess School"]
[WhiteTeamCountry "SVK"]
[BlackTeamCountry "SVK"]

1. Nf3 Nf6 2. g3 g6 3. Bg2 Bg7 4. 0-0 0-0 5. d4 d5 6. Nbd2 c5 7. dxc5 Nc6 8. c3 e5 9. e4 d4 10. cxd4 exd4 11. e5 Nd7 12. Ne4 Ndxe5 13. Bg5 f6 14. Nxe5 Nxe5 15. Bf4 Be6 16. Re1 b6 17. cxb6 Qxb6 18. Nxf6+ Bxf6 19. Bxa8 Nd7 20. Qf3 Kg7 21. Rac1 g5 22. Rc6 Qd8 23. Rcxe6 gxf4 24. Bc6 fxg3 25. hxg3 Ne5 26. R1xe5 Bxe5 27. Qg4+ Kh8 28. Rxe5 d3 29. Rd5 1-0

[Event "HUN-chT 1920"]
[Site "Hungary"]
[Date "2020.02.16"]
[Round "6.3"]
[White "Horvath, Csaba"]
[Black "Stankovic, Milos"]
[Result "1/2-1/2"]
[WhiteElo "2509"]
[BlackElo "2468"]
[PlyCount "67"]
[EventDate "2019.11.16"]
[EventType "team-tourn"]
[EventRounds "9"]
[EventCountry "HUN"]
[SourceTitle "CBM 195 Extra"]
[Source "ChessBase"]
[SourceDate "2020.05.31"]
[SourceVersion "1"]
[SourceVersionDate "2020.05.31"]
[SourceQuality "1"]
[WhiteTeam "Morihana"]
[BlackTeam "Maroczy"]
[WhiteTeamCountry "HUN"]
[BlackTeamCountry "HUN"]

1. Nf3 Nf6 2. c4 g6 3. Nc3 d5 4. cxd5 Nxd5 5. Qb3 Nb6 6. d4 Bg7 7. Bf4 0-0 8. Rd1 Nc6 9. e3 Bg4 10. Be2 a5 11. d5 a4 12. Qa3 Na5 13. 0-0 Bxf3 14. Bxf3 Nac4 15. Qb4 Ne5 16. Be2 Qd6 17. Qe4 f5 18. Qb1 Qf6 19. Bg3 g5 20. f4 Ng6 21. Nb5 gxf4 22. exf4 Nxd5 23. Rxd5 c6 24. Rc5 b6 25. Rc2 cxb5 26. Bxb5 Rac8 27. Kh1 Rxc2 28. Qxc2 Qxb2 29. Bxa4 Qxc2 30. Bxc2 e6 31. Bb3 Kf7 32. Rc1 Bd4 33. Rc7+ Kf6 34. h4 1/2-1/2

[Event "SVK-chT 1920"]
[Site "Slovakia"]
[Date "2020.01.19"]
[Round "6.5"]
[White "Horvath, Csaba"]
[Black "Karas, Marek"]
[Result "1-0"]
[WhiteElo "2509"]
[BlackElo "2225"]
[PlyCount "89"]
[EventDate "2019.10.19"]
[EventType "team-tourn"]
[EventRounds "11"]
[EventCountry "SVK"]
[SourceTitle "CBM 194 Extra"]
[Source "ChessBase"]
[SourceDate "2020.03.31"]
[SourceVersion "1"]
[SourceVersionDate "2020.03.31"]
[SourceQuality "1"]
[WhiteTeam "Podhajska Aquamarin"]
[BlackTeam "Bratislava KSN"]
[WhiteTeamCountry "SVK"]
[BlackTeamCountry "SVK"]

1. Nf3 Nf6 2. c4 e6 3. g3 d5 4. b3 b6 5. Bg2 Bb7 6. cxd5 exd5 7. 0-0 Bd6 8. Bb2 0-0 9. Nc3 a6 10. e3 Re8 11. Qc2 Nbd7 12. Rac1 Nf8 13. Nd4 g6 14. Na4 c5 15. Ne2 N8d7 16. d4 Rc8 17. dxc5 bxc5 18. Rfd1 Qe7 19. Nec3 Qe6 20. Qd2 Ne5 21. Nb6 d4 22. Bxb7 Rb8 23. exd4 cxd4 24. Qxd4 Bc7 25. Qf4 Bxb6 26. Bd5 Qf5 27. Qxf5 gxf5 28. Na4 f4 29. gxf4 Neg4 30. Nxb6 Rxb6 31. Bf3 h5 32. h3 Nh6 33. Rc5 Kh7 34. Kh2 Ne4 35. Re5 Rxe5 36. fxe5 f5 37. Rd7+ Kg6 38. Bd4 Rc6 39. Bxe4 fxe4 40. Rd6+ Rxd6 41. exd6 Kf7 42. Bc5 Ke6 43. Kg3 Ng8 44. Kf4 Nf6 45. b4 1-0

[Event "SVK-chT 1920"]
[Site "Slovakia"]
[Date "2020.01.18"]
[Round "5.6"]
[White "Ftacnik, Lubomir"]
[Black "Horvath, Csaba"]
[Result "1/2-1/2"]
[WhiteElo "2521"]
[BlackElo "2509"]
[PlyCount "48"]
[EventDate "2019.10.19"]
[EventType "team-tourn"]
[EventRounds "11"]
[EventCountry "SVK"]
[SourceTitle "CBM 194 Extra"]
[Source "ChessBase"]
[SourceDate "2020.03.31"]
[SourceVersion "1"]
[SourceVersionDate "2020.03.31"]
[SourceQuality "1"]
[WhiteTeam "Bratislava Slovan"]
[BlackTeam "Podhajska Aquamarin"]
[WhiteTeamCountry "SVK"]
[BlackTeamCountry "SVK"]

1. Nf3 Nf6 2. c4 b6 3. g3 Bb7 4. Bg2 g6 5. b3 c5 6. Bb2 Bg7 7. 0-0 0-0 8. Nc3 d5 9. Nxd5 Nxd5 10. Bxg7 Kxg7 11. cxd5 Qxd5 12. d4 Na6 13. Nh4 Qd7 14. dxc5 Qxd1 15. Rfxd1 Bxg2 16. Kxg2 Nxc5 17. b4 Na6 18. a3 Rfd8 19. Nf3 Rac8 20. Ne5 Rxd1 21. Rxd1 f6 22. Nf3 Kf7 23. Rd3 Nb8 24. Nd4 a6 1/2-1/2